[Event "33. Potsdamer Weihnachtsturnier"]
[Site "Potsdam"]
[Date "2008.12.27"]
[Round "1"]
[White "Schöne, Ralf"]
[Black "Köckeritz, Dieter"]
[Result "1-0"]
[WhiteElo "2311"]
[BlackElo "1852"]
[PlyCount "27"]

1. d4 Nf6 2. c4 e6 3. Nc3 d5 4. Bg5 c6 5. e3 Be7 6. Nf3 Nbd7 7. Qc2 h6 8. Bh4
O-O 9. a3 Re8 10. Rd1 Qa5 11. Bd3 dxc4 12. Bxc4 e5 13. O-O Nh5 14. Qg6 1-0

[Event "33. Potsdamer Weihnachtsturnier"]
[Site "Potsdam"]
[Date "2008.12.27"]
[Round "1"]
[White "Brinckmann, Dieter"]
[Black "Reichenbach, Werner"]
[Result "0-1"]
[WhiteElo "1846"]
[BlackElo "2285"]
[PlyCount "80"]

1. d4 Nf6 2. c4 g6 3. Nc3 Bg7 4. e4 d6 5. Bg5 h6 6. Be3 c6 7. Be2 a6 8. Qd2 b5
9. a3 bxc4 10. Bxc4 Nbd7 11. Nf3 Ng4 12. Bf4 e5 13. dxe5 dxe5 14. Be3 Nxe3
15. Qxe3 Qe7 16. O-O Nc5 17. Rfd1 O-O 18. Rac1 Be6 19. Nd2 Bxc4 20. Nxc4 Nb3
21. Rb1 Rab8 22. Ne2 Rfd8 23. Rd3 Nd4 24. Qd2 Qe6 25. Rc1 c5 26. Nxd4 exd4
27. f3 Kh7 28. Qc2 h5 29. Rcd1 Bh6 30. Na5 Rdc8 31. b3 h4 32. Qc4 Qf6 33. Qd5
Rd8 34. Qxc5 Rb5 35. Qc7 Bf4 36. Qc4 Rxa5 37. b4 Rg5 38. Kf1 Be5 39. R1d2 Qf4
40. g3 hxg3 0-1

[Event "33. Potsdamer Weihnachtsturnier"]
[Site "Potsdam"]
[Date "2008.12.27"]
[Round "1"]
[White "Müller, Hans-Georg"]
[Black "Rührmund, Daniel"]
[Result "1-0"]
[WhiteElo "2261"]
[BlackElo "1841"]
[PlyCount "95"]

1. e4 c5 2. Nf3 e6 3. d3 Nc6 4. g3 g6 5. Bg2 Bg7 6. O-O Nge7 7. Re1 d6 8. Nbd2
O-O 9. c3 b6 10. Nf1 Bb7 11. h4 h5 12. N1h2 Qd7 13. Bh3 Ne5 14. Ng5 Ba6 15. Re3
f5 16. f4 Ng4 17. Nxg4 fxg4 18. Bg2 e5 19. Re1 Rad8 20. Qb3+ Kh8 21. Ne6 Qc8
22. Nxd8 Qxd8 23. Be3 Qd7 24. Rad1 Bb5 25. Qc2 Nc6 26. Rf1 Qe6 27. a4 Ba6
28. f5 Qe8 29. fxg6 Rxf1+ 30. Rxf1 Qxg6 31. Qd2 Bc8 32. Bg5 Be6 33. Qf2 Kh7
34. Qe3 a5 35. Ra1 Qf7 36. Bf1 Qg6 37. Be2 Qf7 38. Rf1 Qg6 39. Bd1 Kh8 40. Bc2
Kh7 41. Kf2 Kg8 42. Ke2 Kh7 43. Kd2 Kg8 44. Kc1 Kh7 45. Kb1 Kg8 46. Ka1 Bf7
47. Bb1 {
[%emt 0:00:00]} 47... Qe6 48. Rxf7 1-0

[Event "33. Potsdamer Weihnachtsturnier"]
[Site "Potsdam"]
[Date "2008.12.27"]
[Round "1"]
[White "Böttcher, Frank"]
[Black "Franz, Karsten"]
[Result "0-1"]
[WhiteElo "1837"]
[BlackElo "2241"]
[PlyCount "35"]

1. d4 g6 2. c4 Bg7 3. e4 Nc6 4. Be3 e5 5. d5 Nd4 6. Nf3 c5 7. dxc6 dxc6 8. Be2
Ne7 9. Nbd2 O-O 10. O-O c5 11. Nb3 b6 12. Bg5 f6 13. Bh4 Bb7 14. Nfd2 Bh6
15. f3 Nec6 16. Bf2 f5 17. Nxd4 Nxd4 18. exf5 0-1

[Event "33. Potsdamer Weihnachtsturnier"]
[Site "Potsdam"]
[Date "2008.12.27"]
[Round "1"]
[White "Mantau, Jan"]
[Black "Schilly, Hans-Joachim"]
[Result "1-0"]
[WhiteElo "2234"]
[BlackElo "1829"]
[PlyCount "43"]

1. e4 c6 2. d4 d5 3. Nc3 dxe4 4. Nxe4 Nd7 5. Nf3 Ngf6 6. Ng3 Qc7 7. Bc4 e6
8. O-O Bd6 9. Qe2 O-O 10. Re1 b6 11. Ne5 Nd5 12. Bd3 c5 13. c4 N5f6 14. Bg5 Bb7
15. Nh5 Bxe5 16. dxe5 Nxh5 17. Qxh5 g6 18. Qh6 f5 19. exf6 Nxf6 20. Rxe6 Ng4
21. Rxg6+ Kh8 22. Bd2 1-0

[Event "33. Potsdamer Weihnachtsturnier"]
[Site "Potsdam"]
[Date "2008.12.27"]
[Round "1"]
[White "Welz, Peter"]
[Black "Schellknecht, Jörg"]
[Result "0-1"]
[WhiteElo "2205"]
[BlackElo "1813"]
[PlyCount "154"]

1. e4 e5 2. Nf3 d6 3. d4 exd4 4. Nxd4 Nf6 5. Nc3 Be7 6. Bf4 a6 7. Qd2 Bd7
8. O-O-O Nc6 9. f3 Nh5 10. Be3 Bf6 11. g4 Bxd4 12. Bxd4 Nxd4 13. Qxd4 Qg5+
14. Kb1 Nf4 15. h4 Qf6 16. Qxf6 gxf6 17. h5 h6 18. Nd5 Nxd5 19. Rxd5 Be6
20. Rd4 Ke7 21. Be2 Rhg8 22. Rhd1 Rad8 23. Rb4 Bc8 24. a4 Rg5 25. Rc4 Rc5
26. Rcd4 a5 27. b3 Be6 28. Kb2 Rg5 29. f4 Rgg8 30. f5 c5 31. R4d2 Bc8 32. Kc3
b6 33. Rg1 Bb7 34. Bf3 Rd7 35. Kd3 Rgd8 36. Ke3 Kf8 37. Rgd1 Ke7 38. Kf4 Bc6
39. Re1 Kf8 40. Re3 Ke7 41. Be2 Kf8 42. Bc4 Ke7 43. c3 Kf8 44. Bd5 Bb7 45. Red3
Ke7 46. Ke3 Ba6 47. Bc6 Bxd3 48. Bxd7 Bxe4 49. Kxe4 Kxd7 50. b4 Re8+ 51. Kf4
axb4 52. cxb4 Ra8 53. a5 cxb4 54. axb6 Rb8 55. Rb2 Rxb6 56. Rb3 Kc6 57. Ke4 Kc5
58. Kd3 Ra6 59. Kc2 Ra3 60. Rb1 Rg3 61. Re1 Rxg4 62. Re7 Rg5 63. Rc7+ Kd5
64. Kb3 Rxf5 65. Rxf7 Ke6 66. Rf8 Rxh5 67. Kxb4 Re5 68. Kc4 h5 69. Kd4 Kf5
70. Rh8 Kf4 71. Rh6 Kg5 72. Rh8 f5 73. Rg8+ Kf4 74. Rg6 Re1 75. Kd3 d5 76. Kd2
Re5 77. Rg1 h4 0-1

[Event "33. Potsdamer Weihnachtsturnier"]
[Site "Potsdam"]
[Date "2008.12.27"]
[Round "1"]
[White "Dobkowicz, Matthias"]
[Black "Gebigke, Martin"]
[Result "0-1"]
[WhiteElo "1811"]
[BlackElo "2165"]
[PlyCount "48"]

1. d4 Nf6 2. c4 e5 3. dxe5 Ng4 4. e4 Nxe5 5. f4 Ng6 6. Be3 Bb4+ 7. Nd2 Qe7
8. Bd3 Qd6 9. Qc2 Nxf4 10. Bxf4 Qxf4 11. O-O-O Nc6 12. Nf3 d6 13. Kb1 Bg4
14. h3 Bxf3 15. Nxf3 O-O-O 16. Rhf1 Qe3 17. a3 Ba5 18. b4 Bb6 19. Rde1 Qh6
20. Qb2 f6 21. a4 a5 22. Rd1 Qe3 23. Ka1 Rhe8 24. Nh4 g6 0-1

[Event "33. Potsdamer Weihnachtsturnier"]
[Site "Potsdam"]
[Date "2008.12.27"]
[Round "1"]
[White "Rietze, Clemens"]
[Black "Kliem, Helmut"]
[Result "1-0"]
[WhiteElo "2155"]
[BlackElo "1807"]
[PlyCount "45"]

1. d4 Nf6 2. c4 e6 3. Nf3 b6 4. a3 Be7 5. Nc3 Bb7 6. Qc2 c5 7. e4 cxd4 8. Nxd4
d6 9. Be2 O-O 10. O-O Nc6 11. Be3 Nxd4 12. Bxd4 e5 13. Be3 Rc8 14. Rfd1 Qc7
15. Rac1 Bc6 16. f3 Qb7 17. b4 Rfd8 18. Qa2 Bd7 19. Rd2 Be6 20. Rdc2 b5
21. Nxb5 Qxb5 22. cxb5 Bxa2 23. Rxc8 1-0

[Event "33. Potsdamer Weihnachtsturnier"]
[Site "Potsdam"]
[Date "2008.12.27"]
[Round "1"]
[White "Göpel, Martin"]
[Black "Hein, Carsten"]
[Result "0-1"]
[WhiteElo "1803"]
[BlackElo "2154"]
[PlyCount "58"]

1. e4 c5 2. Nf3 d6 3. d4 cxd4 4. Nxd4 Nf6 5. Nc3 a6 6. Be2 e5 7. Nb3 Be7
8. O-O Nbd7 9. Be3 Qc7 10. a4 b6 11. f3 Bb7 12. Bd3 Nc5 13. Nxc5 dxc5 14. Qe2
O-O 15. Rfd1 Rfd8 16. Bc4 Rd4 17. Bxd4 cxd4 18. Nd5 Bxd5 19. Bxd5 Nxd5 20. exd5
a5 21. Rac1 Bg5 22. c4 Bxc1 23. Rxc1 Re8 24. f4 e4 25. Qd2 Qc5 26. b3 d3+
27. Kf1 Qd4 28. Rd1 e3 29. Qxd3 Qxf4+ 0-1

[Event "33. Potsdamer Weihnachtsturnier"]
[Site "Potsdam"]
[Date "2008.12.27"]
[Round "1"]
[White "Cusnariov, Nicolai"]
[Black "Hahn, Thomas"]
[Result "1-0"]
[WhiteElo "2153"]
[BlackElo "1781"]
[PlyCount "83"]

1. e4 d5 2. exd5 Qxd5 3. Nc3 Qa5 4. d4 Nf6 5. Bc4 Bf5 6. Bd2 c6 7. Nf3 e6
8. Qe2 Bb4 9. O-O-O Nbd7 10. a3 Bxc3 11. Bxc3 Qc7 12. Ne5 Nxe5 13. dxe5 Nd5
14. Bxd5 cxd5 15. Bb4 O-O-O 16. g4 Bg6 17. h4 h5 18. Rh3 Kd7 19. Rc3 Qb6 20. f4
Rc8 21. f5 Rxc3 22. bxc3 Bh7 23. fxe6+ fxe6 24. gxh5 Bf5 25. Qg2 Qe3+ 26. Kb2
Qxe5 27. Bc5 Be4 28. Qe2 Kc6 29. Be3 Qxh5 30. Qd2 Qe5 31. Bf4 Qf6 32. Kb3 Qxh4
33. Qe3 Qd8 34. Qg3 Qb6+ 35. Ka2 Bxc2 36. c4 Bxd1 37. cxd5+ exd5 38. Qg6+ Kb5
39. Qb1+ Ka5 40. Bd2+ Ka6 41. Qxd1 Rh2 42. Qa4+ 1-0

[Event "33. Potsdamer Weihnachtsturnier"]
[Site "Potsdam"]
[Date "2008.12.27"]
[Round "1"]
[White "Ulrich, Gert"]
[Black "Bundrock, Thomas"]
[Result "0-1"]
[WhiteElo "1779"]
[BlackElo "2150"]
[PlyCount "80"]

1. d4 Nf6 2. Bg5 c5 3. Bxf6 exf6 4. d5 d6 5. e4 f5 6. Bd3 fxe4 7. Bxe4 Be7
8. Nd2 O-O 9. Ngf3 Nd7 10. O-O b5 11. a4 bxa4 12. Rxa4 Nb6 13. Ra3 a5 14. c4
Bd7 15. Qc2 g6 16. Re3 f5 17. Bd3 Bf6 18. Rfe1 Rb8 19. Nf1 Nc8 20. Rb1 a4
21. N3d2 Re8 22. Kh1 Bg7 23. f4 Qf6 24. Rxe8+ Bxe8 25. b3 a3 26. Qa2 Qd4
27. Re1 Bd7 28. Re3 Ra8 29. g3 Qb2 30. Bb1 Qc1 31. Bd3 Bd4 32. Re2 Qd1 33. Kg2
Bb2 34. Kf2 Qc1 35. Nb1 Bd4+ 36. Kg2 Qd1 37. Nbd2 Kf8 38. Kf3 Ne7 39. Bb1 Ng8
40. Ne3 Bxe3 0-1

[Event "33. Potsdamer Weihnachtsturnier"]
[Site "Potsdam"]
[Date "2008.12.27"]
[Round "1"]
[White "Peschke, Uwe"]
[Black "Lehmann, Stefan"]
[Result "1-0"]
[WhiteElo "2124"]
[BlackElo "1764"]
[PlyCount "129"]

1. Nf3 c5 2. g3 Nc6 3. Bg2 g6 4. c4 Bg7 5. O-O Nf6 6. Nc3 O-O 7. d4 cxd4
8. Nxd4 Nxd4 9. Qxd4 d6 10. e4 Nd7 11. Qd3 Nc5 12. Qc2 a5 13. Be3 Bd7 14. Rfd1
Rc8 15. Rac1 Re8 16. h3 b6 17. Kh2 Bc6 18. Ne2 Qc7 19. Nd4 Ba8 20. Nb5 Qb7
21. f3 Qb8 22. h4 Bc6 23. Bh3 Rcd8 24. Nd4 Bb7 25. b3 Qa8 26. a3 h5 27. b4 axb4
28. axb4 Qa3 29. bxc5 Qxe3 30. Rd3 Qh6 31. c6 Bxd4 32. cxb7 Bc5 33. Bc8 Rxc8
34. bxc8=Q Rxc8 35. Ra1 Qg7 36. Qb1 Qe5 37. Kg2 e6 38. Ra4 Rf8 39. Qa1 Qxa1
40. Rxa1 e5 41. Ra4 Kg7 42. Rd2 f5 43. Rda2 Kf6 44. Ra8 Rf7 45. Rg8 Rg7
46. Rxg7 Kxg7 47. Kh3 Kf6 48. Re2 Ke6 49. g4 hxg4+ 50. fxg4 fxe4 51. Rxe4 d5
52. cxd5+ Kxd5 53. Re1 Kd4 54. h5 gxh5 55. gxh5 e4 56. h6 Bf8 57. h7 Bg7
58. Rg1 Be5 59. Rg5 Bf6 60. Rg6 Be5 61. Rxb6 e3 62. Kg2 Kd3 63. Re6 Bc3 64. Kf3
Bd4 65. Rxe3+ 1-0

[Event "33. Potsdamer Weihnachtsturnier"]
[Site "Potsdam"]
[Date "2008.12.27"]
[Round "1"]
[White "Zschäbitz, Klaus"]
[Black "Schlüter, Sabrina"]
[Result "1-0"]
[WhiteElo "2114"]
[BlackElo "1758"]
[PlyCount "27"]

1. d4 d5 2. Nf3 Nf6 3. Bf4 c6 4. e3 e6 5. Bd3 Bd6 6. Bg3 O-O 7. Nbd2 b6 8. c4
c5 9. e4 Bxg3 10. hxg3 Bb7 11. cxd5 g6 12. dxe6 cxd4 13. exf7+ Rxf7 14. Bc4 1-0

[Event "33. Potsdamer Weihnachtsturnier"]
[Site "Potsdam"]
[Date "2008.12.27"]
[Round "1"]
[White "Klemm, David"]
[Black "Bachmann, Volker"]
[Result "0-1"]
[WhiteElo "1745"]
[BlackElo "2083"]
[PlyCount "76"]

1. e4 e6 2. d4 d5 3. exd5 exd5 4. Nf3 Bd6 5. Nc3 Ne7 6. Bg5 f6 7. Be3 Nbc6
8. Bd3 Bg4 9. h3 Bh5 10. g4 Bg6 11. h4 Qd7 12. Rg1 O-O-O 13. h5 Bf7 14. Qd2 Be6
15. g5 Bg4 16. gxf6 gxf6 17. Be2 Bxh5 18. O-O-O Rdg8 19. Bf4 Bb4 20. a3 Bd6
21. Rh1 Bg4 22. Ng1 h5 23. f3 Bf5 24. Bb5 Bxf4 25. Qxf4 Rg2 26. Nge2 Ng6
27. Qd2 h4 28. Rdg1 Rxg1+ 29. Nxg1 Qd6 30. Bf1 Re8 31. Bh3 Bxh3 32. Rxh3 Qe6
33. Nce2 Qf5 34. c3 Kd7 35. Qc2 Qg5+ 36. Kd1 Nf4 37. Nxf4 Qxg1+ 38. Kd2 Qe1+
0-1

[Event "33. Potsdamer Weihnachtsturnier"]
[Site "Potsdam"]
[Date "2008.12.27"]
[Round "1"]
[White "Döhn, Raphael"]
[Black "Petrak, Falk"]
[Result "0-1"]
[WhiteElo "2077"]
[BlackElo "1728"]
[PlyCount "99"]

1. e4 e6 2. d4 d5 3. Nc3 Nf6 4. Bg5 Bb4 5. e5 h6 6. Bd2 Bxc3 7. bxc3 Ne4
8. Qg4 Kf8 9. Nf3 c5 10. h4 c4 11. h5 Qa5 12. Nh4 Nc6 13. Qd1 Bd7 14. Rh3 Nxd2
15. Qxd2 Ke7 16. g4 Raf8 17. f4 Kd8 18. Be2 Qa3 19. Kf2 b5 20. Rhh1 a5 21. Kg2
b4 22. cxb4 axb4 23. Nf3 Qc3 24. Qxc3 bxc3 25. Rhb1 Ke7 26. Kf2 Rb8 27. Ke3
Rxb1 28. Rxb1 Ra8 29. Rg1 Rxa2 30. Bd1 Nb4 31. Ne1 Ba4 32. g5 Nxc2+ 33. Nxc2
Bxc2 34. Rg2 Bb3 35. Rxa2 Bxa2 36. Ba4 Kd8 37. Ke2 Bb3 38. Bc6 Ke7 39. Bb7 f6
40. exf6+ gxf6 41. gxh6 Bc2 42. Bc8 Bf5 43. Kd1 Kf7 44. Bd7 Kg8 45. Be8 Kh7
46. Kc1 Kxh6 47. Bf7 Kg7 48. Be8 Kf8 49. Ba4 Bg4 50. Bc6 0-1

[Event "33. Potsdamer Weihnachtsturnier"]
[Site "Potsdam"]
[Date "2008.12.27"]
[Round "1"]
[White "Geike, Eberhard"]
[Black "Schrodt, Sebastian"]
[Result "0-1"]
[WhiteElo "1714"]
[BlackElo "2077"]
[PlyCount "76"]

1. e4 e5 2. Nf3 d6 3. d4 exd4 4. Nxd4 Nf6 5. Nc3 Be7 6. Bd3 O-O 7. O-O Re8
8. Be3 c6 9. f4 Qc7 10. Nf3 Nbd7 11. Qd2 Bf8 12. Rae1 b5 13. Bd4 b4 14. Nd1 c5
15. Bxf6 Nxf6 16. e5 dxe5 17. fxe5 Ng4 18. Bxh7+ Kxh7 19. Qd3+ Kg8 20. Ng5 g6
21. Rxf7 Qxf7 22. Nxf7 Kxf7 23. Qf3+ Bf5 24. e6+ Kg7 25. h3 Nf6 26. Qb7+ Be7
27. g4 Bxc2 28. Ne3 Be4 29. Qc7 Rad8 30. g5 Nh7 31. Qe5+ Kg8 32. Qxe4 Nxg5
33. Qg4 Rd4 34. Qg3 Kg7 35. h4 Rxh4 36. Qe5+ Bf6 37. Nd5 Nf3+ 38. Kf2 Nxe5 0-1

[Event "33. Potsdamer Weihnachtsturnier"]
[Site "Potsdam"]
[Date "2008.12.27"]
[Round "1"]
[White "Schlüter, Bernd"]
[Black "Toth, Hans-Jürgen"]
[Result "1-0"]
[WhiteElo "2076"]
[BlackElo "1701"]
[PlyCount "45"]

1. d4 f5 2. Nc3 Nf6 3. Bg5 e6 4. e4 c6 5. e5 h6 6. Bxf6 gxf6 7. Qh5+ Ke7
8. Qg6 fxe5 9. dxe5 Qb6 10. O-O-O Qxf2 11. Qf6+ Ke8 12. Qxh8 Na6 13. Be2 Qf4+
14. Kb1 Qg5 15. Nh3 Qg7 16. Qxg7 Bxg7 17. Bxa6 bxa6 18. Rhe1 Ke7 19. Nf4 Rb8
20. b3 a5 21. Na4 Rb5 22. c4 Rxe5 23. Ng6+ 1-0

[Event "33. Potsdamer Weihnachtsturnier"]
[Site "Potsdam"]
[Date "2008.12.27"]
[Round "1"]
[White "Schrodt, Horst"]
[Black "Witt, Ronald"]
[Result "0-1"]
[WhiteElo "1680"]
[BlackElo "2076"]
[PlyCount "98"]

1. d4 Nf6 2. c4 e6 3. Nc3 d5 4. cxd5 exd5 5. Nf3 c6 6. Bg5 Nbd7 7. e3 Be7
8. Be2 O-O 9. O-O Ne4 10. Bxe7 Qxe7 11. Qc2 Re8 12. Rab1 Nd6 13. b4 b5 14. Bd3
g6 15. Rfe1 f5 16. Ne2 Nc4 17. Bxc4 bxc4 18. b5 Bb7 19. bxc6 Bxc6 20. Nc3 Rab8
21. Rxb8 Rxb8 22. Rb1 Rxb1+ 23. Qxb1 Qa3 24. Qc2 Nb6 25. Ne5 Ba4 26. Nxa4 Nxa4
27. Nc6 Nc3 28. Nxa7 Qxa7 29. Qxc3 Qxa2 30. Kf1 Qb3 31. Qc1 f4 32. Ke2 Qd3+
33. Ke1 Qe4 34. Kf1 Kf7 35. Qa3 fxe3 36. fxe3 Qf5+ 37. Kg1 Qc8 38. Kf2 Qc7
39. h3 h5 40. Kf3 h4 41. Kf2 Kg7 42. Qb2 Qg3+ 43. Kf1 Qxe3 44. Qb7+ Kh6
45. Qxd5 c3 46. Qc4 Qc1+ 47. Kf2 Qd2+ 48. Qe2 Qxd4+ 49. Ke1 Qg1+ 0-1

[Event "33. Potsdamer Weihnachtsturnier"]
[Site "Potsdam"]
[Date "2008.12.27"]
[Round "1"]
[White "Allgaier, Erik"]
[Black "Lehnert, Stefan"]
[Result "0-1"]
[WhiteElo "2048"]
[BlackElo "1678"]
[PlyCount "54"]

1. Nf3 d5 2. e3 Nf6 3. d4 e6 4. Nbd2 c5 5. c3 Nc6 6. Bd3 Bd6 7. O-O O-O
8. dxc5 Bxc5 9. h3 e5 10. e4 d4 11. cxd4 Bxd4 12. Nxd4 Nxd4 13. Nc4 Nd7 14. f4
b5 15. Ne3 Bb7 16. Bxb5 Nxb5 17. Qg4 Nf6 18. Qg5 Nxe4 19. Qxe5 a6 20. a4 Re8
21. Qh5 Ng3 22. Qg4 Nxf1 23. Nf5 Qf6 24. axb5 Re1 25. Kf2 Rxc1 26. Rxc1 Qxb2+
27. Kg1 Ne3 0-1

[Event "33. Potsdamer Weihnachtsturnier"]
[Site "Potsdam"]
[Date "2008.12.27"]
[Round "1"]
[White "Wolf, Carolin"]
[Black "Kötz, Andreas"]
[Result "0-1"]
[WhiteElo "1676"]
[BlackElo "2046"]
[PlyCount "74"]

1. e4 c5 2. d4 cxd4 3. c3 d3 4. Bxd3 Nc6 5. Nf3 d6 6. h3 Nf6 7. O-O e6 8. Qe2
Be7 9. Rd1 Qc7 10. Bf4 e5 11. Be3 O-O 12. a3 Be6 13. c4 Rac8 14. Nc3 b6 15. Nd5
Qd8 16. b4 Ne8 17. Rac1 Nb8 18. a4 Nd7 19. Qb2 f5 20. exf5 Bxf5 21. Be2 Nef6
22. c5 bxc5 23. Bc4 Kh8 24. Nxf6 Rxf6 25. bxc5 dxc5 26. Nxe5 Qe8 27. Bg5 Rf8
28. Nxd7 Bxg5 29. Nxf8 Bxc1 30. Qxc1 Qxf8 31. Qg5 Bc2 32. Rd7 h6 33. Qg4 Bf5
34. Qd1 Bxd7 35. Qxd7 Rd8 36. Qxa7 Rd1+ 37. Kh2 Qf4+ 0-1

[Event "33. Potsdamer Weihnachtsturnier"]
[Site "Potsdam"]
[Date "2008.12.27"]
[Round "1"]
[White "Thiele, Jan"]
[Black "Hörter, Philip"]
[Result "1-0"]
[WhiteElo "2039"]
[BlackElo "1675"]
[PlyCount "61"]

1. e4 d5 2. d4 dxe4 3. Nc3 e5 4. d5 f5 5. Bc4 Nf6 6. f3 exf3 7. Nxf3 Bd6
8. O-O h6 9. Qe2 Qe7 10. Nh4 g5 11. Ng6 Qg7 12. Nxh8 f4 13. Ne4 Bf5 14. Bd3
Bxe4 15. Bxe4 Qxh8 16. c4 Nbd7 17. Bg6+ Ke7 18. b4 b6 19. Bb2 Qg7 20. Bf5 Re8
21. Bc3 h5 22. a4 g4 23. Rxf4 Kd8 24. Rff1 h4 25. a5 g3 26. h3 e4 27. axb6 cxb6
28. Rxa7 Qg5 29. Bxd7 Nxd7 30. Ra8+ Bb8 31. Rxb8+ 1-0

[Event "33. Potsdamer Weihnachtsturnier"]
[Site "Potsdam"]
[Date "2008.12.27"]
[Round "1"]
[White "Mohr, Horst"]
[Black "Bernhöft, Erhard"]
[Result "1/2-1/2"]
[WhiteElo "1599"]
[BlackElo "2037"]
[PlyCount "61"]

1. d4 g6 2. c4 Bg7 3. Nc3 d6 4. Nf3 Nd7 5. Bg5 c5 6. e3 Ngf6 7. Bd3 O-O 8. O-O
b6 9. Rb1 Bb7 10. d5 Qc7 11. Nb5 Qc8 12. h3 Re8 13. Bf4 a6 14. Nc3 b5 15. Qc2
bxc4 16. Bxc4 Nb6 17. Qd3 Nxc4 18. Qxc4 a5 19. Rfd1 Ba6 20. Qa4 Qc7 21. Qc2
Rab8 22. Nd2 Rb7 23. e4 Reb8 24. Nf3 Nd7 25. Bg5 Nb6 26. Bc1 Qd7 27. Nd2 a4
28. f4 Ra7 29. Nf3 Qc7 30. Re1 Bc8 31. Nb5 1/2-1/2

[Event "33. Potsdamer Weihnachtsturnier"]
[Site "Potsdam"]
[Date "2008.12.27"]
[Round "1"]
[White "Platzek, Janine"]
[Black "Steppan, Siegfried"]
[Result "1-0"]
[WhiteElo "2033"]
[BlackElo "1586"]
[PlyCount "79"]

1. Nf3 Nf6 2. d4 g6 3. c4 Bg7 4. Nc3 d6 5. e4 O-O 6. Be2 c5 7. h3 Nc6 8. d5
Na5 9. O-O Qb6 10. Qc2 Nd7 11. Be3 Qd8 12. a3 b6 13. Nd2 e6 14. f4 a6 15. Rad1
e5 16. f5 g5 17. Nf3 h6 18. Nh2 Nf6 19. Rde1 Qc7 20. b3 Bd7 21. Bd1 b5 22. cxb5
axb5 23. h4 gxh4 24. Qf2 b4 25. Qxh4 Rfc8 26. Bxh6 Bxh6 27. Qxh6 Nh7 28. Rf3 f6
29. Qg6+ Kh8 30. Rh3 Bxf5 31. Qxf5 bxc3 32. Ree3 Rg8 33. Rxh7+ Qxh7 34. Rh3
Qxh3 35. Qxh3+ Kg7 36. Qd7+ Kh8 37. Qxd6 Rgf8 38. Ng4 Rad8 39. Qxc5 Rg8
40. Nxf6 1-0

[Event "33. Potsdamer Weihnachtsturnier"]
[Site "Potsdam"]
[Date "2008.12.27"]
[Round "1"]
[White "Mühlhan, Klaus"]
[Black "König, Florian"]
[Result "1-0"]
[WhiteElo "1988"]
[BlackElo "1281"]
[PlyCount "45"]

1. e4 e5 2. Nf3 Nc6 3. Bb5 Nf6 4. O-O d6 5. d4 exd4 6. Nxd4 Bd7 7. Nxc6 bxc6
8. Bd3 Be7 9. b3 O-O 10. Bb2 Ng4 11. f4 Ne3 12. Qh5 Bg4 13. Qa5 Nxf1 14. Kxf1
Bf6 15. e5 dxe5 16. fxe5 Bg5 17. Qe1 Re8 18. Qe4 f5 19. Qxc6 Bf4 20. Qc4+ Kh8
21. Qxf4 Rb8 22. Nd2 c5 23. Nc4 1-0

[Event "33. Potsdamer Weihnachtsturnier"]
[Site "Potsdam"]
[Date "2008.12.27"]
[Round "1"]
[White "Bielick, Jakob"]
[Black "Wiezer, Siegfried"]
[Result "0-1"]
[WhiteElo "1576"]
[BlackElo "2030"]
[PlyCount "60"]

1. e4 d6 2. d4 Nf6 3. Nc3 c6 4. Be2 b5 5. a3 a6 6. f4 e6 7. Nf3 Be7 8. O-O O-O
9. Qd3 c5 10. Be3 Bb7 11. e5 c4 12. Qd2 Ng4 13. Ng5 Nxe3 14. Qxe3 Qb6 15. Bf3
Bxg5 16. fxg5 dxe5 17. Qxe5 Bxf3 18. Rxf3 Nc6 19. Qc5 Qxc5 20. dxc5 Rad8
21. Ne4 Nd4 22. Rf2 Rd5 23. Raf1 Rf5 24. Nd6 Rxc5 25. Nxf7 Rf5 26. Rxf5 exf5
27. Nd6 Nxc2 28. Nxf5 Re8 29. Ng3 Ne1 30. Nf5 Nd3 0-1

[Event "33. Potsdamer Weihnachtsturnier"]
[Site "Potsdam"]
[Date "2008.12.27"]
[Round "1"]
[White "Schirrmacher, Carsten"]
[Black "Mildenberger, Hans"]
[Result "1-0"]
[WhiteElo "2026"]
[BlackElo "1565"]
[PlyCount "79"]

1. Nf3 Nf6 2. d4 d5 3. c4 e6 4. g3 Nbd7 5. Bg2 c6 6. Nbd2 Be7 7. O-O O-O 8. b3
Re8 9. Bb2 Nf8 10. Ne5 N6d7 11. e4 Nxe5 12. dxe5 Qc7 13. exd5 exd5 14. cxd5
cxd5 15. Bxd5 Rd8 16. Qf3 Ne6 17. Nc4 Ng5 18. Qd3 Qc5 19. Ba3 Qxd5 20. Qxd5
Rxd5 21. Bxe7 Nf3+ 22. Kg2 Nxe5 23. Rfd1 Rxd1 24. Rxd1 Bg4 25. Rc1 Bf3+ 26. Kf1
Rc8 27. Bd6 Ng4 28. h3 Nf6 29. Re1 Bd5 30. Re7 b5 31. Ne3 Bf3 32. Ba3 a6
33. Ke1 Ne4 34. Nf5 h6 35. Nh4 Ng5 36. Nxf3 Nxf3+ 37. Kf1 Rc2 38. Re2 Nd2+
39. Kg2 Rxa2 40. Bb4 {ZÜ} 1-0

[Event "33. Potsdamer Weihnachtsturnier"]
[Site "Potsdam"]
[Date "2008.12.27"]
[Round "1"]
[White "Gotsche, Sven"]
[Black "Bach, Ulf-Gunter"]
[Result "0-1"]
[WhiteElo "1558"]
[BlackElo "2022"]
[PlyCount "91"]

1. c4 f5 2. Nc3 Nf6 3. g3 e5 4. Bg2 Bc5 5. d3 O-O 6. Nf3 Nc6 7. Bg5 h6 8. Bxf6
Qxf6 9. Nd5 Qd8 10. O-O d6 11. a3 a5 12. Rb1 Ne7 13. Nxe7+ Qxe7 14. b4 axb4
15. axb4 Bb6 16. Qb3 Kh7 17. e3 c6 18. Ra1 Be6 19. b5 c5 20. Ra3 Ba5 21. Rfa1
b6 22. Nd2 Rab8 23. Qb2 f4 24. exf4 exf4 25. Nb3 fxg3 26. hxg3 Bb4 27. Ra7 Qg5
28. Rc7 Rf6 29. Raa7 Rg8 30. Be4+ Kh8 31. Qa2 Be1 32. f3 Bxg3 33. Qd2 Rf4
34. Kf1 Qh4 35. Ke2 Qh1 36. Qc1 Qg2+ 37. Kd1 Rh4 38. Qd2 Qg1+ 39. Kc2 Rh2
40. Re7 Rxd2+ 41. Nxd2 Bf4 42. Rxe6 Qf2 43. Rf7 Qxd2+ 44. Kb3 Be5 45. Rxe5 dxe5
46. Rf5 0-1

[Event "33. Potsdamer Weihnachtsturnier"]
[Site "Potsdam"]
[Date "2008.12.27"]
[Round "1"]
[White "Müller, Elke"]
[Black "Thiering, Dietmar"]
[Result "0-1"]
[WhiteElo "2021"]
[BlackElo "1489"]
[PlyCount "110"]

1. e4 g6 2. Nc3 Bg7 3. d3 d6 4. g3 c6 5. Bg2 Qc7 6. Nge2 e5 7. O-O Ne7 8. Be3
O-O 9. f4 Bg4 10. fxe5 dxe5 11. h3 Be6 12. Qd2 Nd7 13. g4 a6 14. Ng3 f6 15. Rf2
f5 16. Bg5 f4 17. Bxe7 fxg3 18. Rf3 Rxf3 19. Bxf3 Nf6 20. Ba3 h5 21. g5 Nh7
22. h4 Bh3 23. Bg2 Qd7 24. Qe3 Qg4 25. Ne2 Bxg2 26. Kxg2 Qxh4 27. Qxg3 Qxg3+
28. Kxg3 Nxg5 29. Be7 Nf7 30. Rf1 Re8 31. Bc5 Bf8 32. Be3 Be7 33. Ng1 Rf8
34. Nh3 Kg7 35. Kg2 g5 36. Rf5 Kg6 37. Bd2 g4 38. Nf2 Bf6 39. Kg3 Nh6 40. Bxh6
Kxh6 41. Nd1 Bg7 42. Rxf8 Bxf8 43. Ne3 Kg5 44. Nf5 b5 45. Nh4 a5 46. c3 b4
47. c4 Bc5 48. Nf5 Bd4 49. b3 Bc3 50. Kf2 h4 51. Ke2 h3 52. Ng3 Bd4 53. Kf1 Kf4
54. Ne2+ Ke3 55. Nxd4 Kxd4 0-1

[Event "33. Potsdamer Weihnachtsturnier"]
[Site "Potsdam"]
[Date "2008.12.27"]
[Round "1"]
[White "Neumann, Horst"]
[Black "Völz, Stephan"]
[Result "0-1"]
[WhiteElo "1438"]
[BlackElo "2010"]
[PlyCount "54"]

1. c4 e6 2. Nc3 d5 3. cxd5 exd5 4. d4 c6 5. g3 Nf6 6. Bg2 Bd6 7. e3 O-O
8. Nge2 Bf5 9. O-O Re8 10. f3 Qc8 11. e4 dxe4 12. Bg5 exf3 13. Bxf3 Ng4 14. Qb3
Qd7 15. Rae1 Na6 16. a3 Ne3 17. Bxe3 Rxe3 18. Rf2 Rae8 19. Ref1 Be6 20. d5 cxd5
21. Bxd5 Bc5 22. Qxb7 Qxb7 23. Bxb7 Bc4 24. Bxa6 Bxa6 25. b4 Bb6 26. Nd5 Rxe2
27. Nxb6 Rxf2 0-1

[Event "33. Potsdamer Weihnachtsturnier"]
[Site "Potsdam"]
[Date "2008.12.27"]
[Round "1"]
[White "Semmler, Reinhardt"]
[Black "Heinrich, Daniela"]
[Result "1/2-1/2"]
[WhiteElo "2008"]
[BlackElo "1412"]
[PlyCount "55"]

1. b4 e5 2. Bb2 Bxb4 3. Bxe5 Nf6 4. c4 Nc6 5. Bc3 O-O 6. e3 d5 7. Bxb4 Nxb4
8. Qb3 c5 9. a3 Nc6 10. cxd5 Qxd5 11. Qxd5 Nxd5 12. Bc4 Be6 13. Ba2 Rad8
14. Ne2 Rfe8 15. Nbc3 Nxc3 16. Nxc3 Nd4 17. Rc1 Bxa2 18. Nxa2 Nb3 19. Rc2 Rd3
20. Nc3 a6 21. Nb1 b5 22. Rc3 Red8 23. Ke2 c4 24. Rd1 a5 25. Rc2 Nc5 26. f3 f5
27. Rb2 Nb3 28. Rc2 1/2-1/2